000 00307nam a22001337a 4500
008 260211b ||||| |||| 00| 0 eng d
020 _a9788846838919
041 _aeng
080 _a001
100 _a20
101 _aital
245 _aIL DIARIO SEFRETO DI LEOARDO
_cROBERTO MELEHIORRE
942 _2lcc
_cBK
999 _c60765
_d60765